Music Quiz

Random Music or Famous Quiz

Opera Composers Quiz Stats

 Plays Quiz Updated Oct 15, 2019

Support Sporcle.
Go Orange.
Score 0/25 Timer 07:00
0 Plays Today
Opera Composer % Correct
Don GiovanniWolfgang Amadeus Mozart
94.4%
AidaGiuseppe Verdi
80.4%
FidelioLudwig van Beethoven
78.2%
Das RheingoldRichard Wagner
76.2%
ToscaGiacomo Puccini
74.6%
The Barber of SevilleGioachino Rossini
71.6%
Peter GrimesBenjamin Britten
47.5%
Ariadne auf NaxosRichard Strauss
45.1%
Orfeo ed EuridiceChristoph Willibald Gluck
38.4%
Einstein on the BeachPhilip Glass
37.4%
Nixon in ChinaJohn Adams
35.2%
Der FreischützCarl Maria von Weber
33.7%
Les TroyensHector Berlioz
32.9%
Opera Composer % Correct
Don PasqualeGaetano Donizetti
31.6%
LakméLéo Delibes
31.1%
Lady Macbeth of MtsenskDmitri Shostakovich
29.7%
Cavalleria RusticanaPietro Mascagni
26.1%
The Cunning Little VixenLeoš Janáček
21.3%
Dialogues des CarmélitesFrancis Poulenc
19.7%
A Life for the TsarMikhail Glinka
16.8%
Les BoréadesJean-Philippe Rameau
14.4%
Le Grand MacabreGyörgy Ligeti
10.2%
MédéeLuigi Cherubini
9.9%
King PriamMichael Tippett
8.9%
The Last SupperHarrison Birtwistle
5.8%

You're not logged in!

Compare scores with friends on all Sporcle quizzes.
OR
Log In

From the Vault

Guns N' Roses Albums

by Derek

In case you didn\'t get your free Dr. Pepper with the release of GnR\'s latest album, we hope this quiz will satisfy your thirst.
Remove Ads.
Support Sporcle.
Get the best of Sporcle when you Go Orange. This ad-free experience offers more features, more stats, and more fun while also helping to support Sporcle. Thank you for becoming a member.

Show Comments

Extras

Top Quizzes Today


Score Distribution

Your Account Isn't Verified!

In order to create a playlist on Sporcle, you need to verify the email address you used during registration. Go to your Sporcle Settings to finish the process.

Report this User

Report this user for behavior that violates our Community Guidelines.

Details: